000 00447nam a2200169Ia 4500
999 _c31
_d31
003 OSt
005 20210827100955.0
008 190216s9999||||xx |||||||||||||| ||und||
040 _coclc
082 _a492.7
_bSAH/K
100 _aSahib, Abdul Rahman
_98704
245 0 _aKitab Nahan /
_cAbdul Rahman Sahib
260 _bParrid And Company,
300 _a80p
650 _aArabic
942 _cBK
_2ddc
_h492.7
_iSAH/K
_k492.7
_mSAH/K